<?xml version="1.0" encoding="UTF-8"?>
<collection xmlns="http://www.loc.gov/MARC21/slim">
 <record>
  <leader>08584nai a22011417i 4500</leader>
  <controlfield tag="001">000696662</controlfield>
  <controlfield tag="003">CZ-PrVSE</controlfield>
  <controlfield tag="005">20260327112219.0</controlfield>
  <controlfield tag="007">ta</controlfield>
  <controlfield tag="008">080307c20079999xr zr-p r f   0   a0cze d</controlfield>
  <datafield tag="015" ind1=" " ind2=" ">
   <subfield code="a">cnb001795371</subfield>
  </datafield>
  <datafield tag="035" ind1=" " ind2=" ">
   <subfield code="a">(OCoLC)187296072</subfield>
  </datafield>
  <datafield tag="040" ind1=" " ind2=" ">
   <subfield code="a">ABA001</subfield>
   <subfield code="b">cze</subfield>
   <subfield code="c">ABA006</subfield>
   <subfield code="d">OLA001</subfield>
   <subfield code="d">ABA006</subfield>
   <subfield code="e">rda</subfield>
  </datafield>
  <datafield tag="072" ind1=" " ind2="7">
   <subfield code="a">005</subfield>
   <subfield code="x">Management. Řízení</subfield>
   <subfield code="2">Konspekt</subfield>
   <subfield code="9">4</subfield>
  </datafield>
  <datafield tag="072" ind1=" " ind2="9">
   <subfield code="a">650</subfield>
   <subfield code="x">Management and auxiliary services</subfield>
   <subfield code="2">Conspectus</subfield>
   <subfield code="9">4</subfield>
  </datafield>
  <datafield tag="080" ind1=" " ind2=" ">
   <subfield code="a">005.95/.96</subfield>
   <subfield code="2">MRF_2014</subfield>
  </datafield>
  <datafield tag="080" ind1=" " ind2=" ">
   <subfield code="a">005.962.131</subfield>
   <subfield code="2">MRF_2003</subfield>
  </datafield>
  <datafield tag="080" ind1=" " ind2=" ">
   <subfield code="a">005.962.13</subfield>
   <subfield code="2">MRF_2003</subfield>
  </datafield>
  <datafield tag="080" ind1=" " ind2=" ">
   <subfield code="a">(035)</subfield>
   <subfield code="2">MRF_2003</subfield>
  </datafield>
  <datafield tag="099" ind1=" " ind2="9">
   <subfield code="a">005.9ABE</subfield>
  </datafield>
  <datafield tag="100" ind1="1" ind2=" ">
   <subfield code="a">Bršťáková, Jana</subfield>
   <subfield code="7">vse20221146328</subfield>
   <subfield code="4">aut</subfield>
  </datafield>
  <datafield tag="245" ind1="1" ind2="0">
   <subfield code="a">Abeceda personalisty /</subfield>
   <subfield code="c">Jana Bršťáková, Dominik Brůha, Petr Bukovjan, Iveta Chmielová Dalajková, Aleš Kalvoda, Tomáš Liškutín, Dana Roučková, Zdeněk Schmied, Zdeněk Šenk, Jiří Valenta</subfield>
  </datafield>
  <datafield tag="264" ind1=" " ind2="1">
   <subfield code="a">Olomouc :</subfield>
   <subfield code="b">ANAG,</subfield>
   <subfield code="c">[2007]-</subfield>
  </datafield>
  <datafield tag="300" ind1=" " ind2=" ">
   <subfield code="a">   svazků :</subfield>
   <subfield code="b">ilustrace</subfield>
  </datafield>
  <datafield tag="310" ind1=" " ind2=" ">
   <subfield code="a">Aktualizováno nepravidelně</subfield>
  </datafield>
  <datafield tag="336" ind1=" " ind2=" ">
   <subfield code="a">text</subfield>
   <subfield code="b">txt</subfield>
   <subfield code="2">rdacontent</subfield>
  </datafield>
  <datafield tag="337" ind1=" " ind2=" ">
   <subfield code="a">bez média</subfield>
   <subfield code="b">n</subfield>
   <subfield code="2">rdamedia</subfield>
  </datafield>
  <datafield tag="338" ind1=" " ind2=" ">
   <subfield code="a">svazek</subfield>
   <subfield code="b">nc</subfield>
   <subfield code="2">rdacarrier</subfield>
  </datafield>
  <datafield tag="490" ind1="1" ind2=" ">
   <subfield code="a">Práce, mzdy, pojištění</subfield>
  </datafield>
  <datafield tag="500" ind1=" " ind2=" ">
   <subfield code="a">Do roku 2015 autoři: Hana d'Ambrosová, Helena Čornejová, Vlasta Leštinská, Petr Pelech, Zdeněk Schmied, Jiří Stýblo, Zdeněk Šenk, Ladislav Trylč, Jiří Valenta ; do roku 2020 autor též Petr Pelech ; do roku 2021 autorka též Helena Čornejová ; do roku 2022 autorka též Vlasta Leštinská ; v roce 2025 autor též Petr Beránek</subfield>
  </datafield>
  <datafield tag="500" ind1=" " ind2=" ">
   <subfield code="a">Jednotlivé svazky mají ISBN</subfield>
  </datafield>
  <datafield tag="588" ind1=" " ind2=" ">
   <subfield code="a">Popsáno podle: 1. vydání (2007) včetně: 16. aktualizované vydání (2026)</subfield>
   <subfield code="5">CZ-PrVSE</subfield>
  </datafield>
  <datafield tag="650" ind1="0" ind2="7">
   <subfield code="a">personální management</subfield>
   <subfield code="7">ph115721</subfield>
   <subfield code="2">czenas</subfield>
  </datafield>
  <datafield tag="650" ind1="0" ind2="7">
   <subfield code="a">hodnocení pracovníků</subfield>
   <subfield code="7">ph319056</subfield>
   <subfield code="2">czenas</subfield>
  </datafield>
  <datafield tag="650" ind1="0" ind2="7">
   <subfield code="a">řízení pracovního výkonu</subfield>
   <subfield code="7">ph269103</subfield>
   <subfield code="2">czenas</subfield>
  </datafield>
  <datafield tag="655" ind1=" " ind2="7">
   <subfield code="a">příručky</subfield>
   <subfield code="7">fd133209</subfield>
   <subfield code="2">czenas</subfield>
  </datafield>
  <datafield tag="650" ind1="0" ind2="9">
   <subfield code="a">personnel management</subfield>
   <subfield code="2">eczenas</subfield>
  </datafield>
  <datafield tag="650" ind1="0" ind2="9">
   <subfield code="a">rating of employees</subfield>
   <subfield code="2">eczenas</subfield>
  </datafield>
  <datafield tag="650" ind1="0" ind2="9">
   <subfield code="a">performance management</subfield>
   <subfield code="2">eczenas</subfield>
  </datafield>
  <datafield tag="655" ind1=" " ind2="9">
   <subfield code="a">handbooks and manuals</subfield>
   <subfield code="2">eczenas</subfield>
  </datafield>
  <datafield tag="700" ind1="1" ind2=" ">
   <subfield code="a">Brůha, Dominik,</subfield>
   <subfield code="d">1976-</subfield>
   <subfield code="7">xx0035252</subfield>
   <subfield code="4">aut</subfield>
  </datafield>
  <datafield tag="700" ind1="1" ind2=" ">
   <subfield code="a">Bukovjan, Petr,</subfield>
   <subfield code="d">1975-</subfield>
   <subfield code="7">xx0029253</subfield>
   <subfield code="4">aut</subfield>
  </datafield>
  <datafield tag="700" ind1="1" ind2=" ">
   <subfield code="a">Chmielová Dalajková, Iveta,</subfield>
   <subfield code="d">1976-</subfield>
   <subfield code="7">pag2008446240</subfield>
   <subfield code="4">aut</subfield>
  </datafield>
  <datafield tag="700" ind1="1" ind2=" ">
   <subfield code="a">Čornejová, Helena,</subfield>
   <subfield code="d">1950-</subfield>
   <subfield code="7">mzk2004217469</subfield>
   <subfield code="4">aut</subfield>
  </datafield>
  <datafield tag="700" ind1="1" ind2=" ">
   <subfield code="a">Kalvoda, Aleš,</subfield>
   <subfield code="d">1973-</subfield>
   <subfield code="7">xx0202467</subfield>
   <subfield code="4">aut</subfield>
  </datafield>
  <datafield tag="700" ind1="1" ind2=" ">
   <subfield code="a">Leštinská, Vlasta,</subfield>
   <subfield code="d">1955-</subfield>
   <subfield code="7">mzk2006363606</subfield>
   <subfield code="4">aut</subfield>
  </datafield>
  <datafield tag="700" ind1="1" ind2=" ">
   <subfield code="a">Liškutín, Tomáš,</subfield>
   <subfield code="d">1984-</subfield>
   <subfield code="7">mub2014807331</subfield>
   <subfield code="4">aut</subfield>
  </datafield>
  <datafield tag="700" ind1="1" ind2=" ">
   <subfield code="a">Pelech, Petr,</subfield>
   <subfield code="d">1944-2020</subfield>
   <subfield code="7">ola2003175282</subfield>
   <subfield code="4">aut</subfield>
  </datafield>
  <datafield tag="700" ind1="1" ind2=" ">
   <subfield code="a">Roučková, Dana,</subfield>
   <subfield code="d">1975-</subfield>
   <subfield code="7">ola2018977884</subfield>
   <subfield code="4">aut</subfield>
  </datafield>
  <datafield tag="700" ind1="1" ind2=" ">
   <subfield code="a">Schmied, Zdeněk</subfield>
   <subfield code="7">mzk2008459031</subfield>
   <subfield code="4">aut</subfield>
  </datafield>
  <datafield tag="700" ind1="1" ind2=" ">
   <subfield code="a">Šenk, Zdeněk,</subfield>
   <subfield code="d">1958-</subfield>
   <subfield code="7">mzk2009543927</subfield>
   <subfield code="4">aut</subfield>
  </datafield>
  <datafield tag="700" ind1="1" ind2=" ">
   <subfield code="a">Valenta, Jiří,</subfield>
   <subfield code="d">1962-</subfield>
   <subfield code="7">ola2005298270</subfield>
   <subfield code="4">aut</subfield>
  </datafield>
  <datafield tag="700" ind1="1" ind2=" ">
   <subfield code="a">d'Ambrosová, Hana</subfield>
   <subfield code="7">ola2002105441</subfield>
   <subfield code="4">aut</subfield>
  </datafield>
  <datafield tag="700" ind1="1" ind2=" ">
   <subfield code="a">Stýblo, Jiří,</subfield>
   <subfield code="d">1945-</subfield>
   <subfield code="7">xx0015713</subfield>
   <subfield code="4">aut</subfield>
  </datafield>
  <datafield tag="700" ind1="1" ind2=" ">
   <subfield code="a">Trylč, Ladislav</subfield>
   <subfield code="7">ola2004231485</subfield>
   <subfield code="4">aut</subfield>
  </datafield>
  <datafield tag="700" ind1="1" ind2=" ">
   <subfield code="a">Beránek, Petr</subfield>
   <subfield code="7">mzk2016911651</subfield>
   <subfield code="4">aut</subfield>
  </datafield>
  <datafield tag="710" ind1="2" ind2=" ">
   <subfield code="a">ANAG (firma)</subfield>
   <subfield code="7">olak20261289825</subfield>
   <subfield code="4">pbl</subfield>
  </datafield>
  <datafield tag="830" ind1=" " ind2="0">
   <subfield code="a">Práce, mzdy, pojištění</subfield>
  </datafield>
  <datafield tag="993" ind1=" " ind2=" ">
   <subfield code="a">003409444</subfield>
  </datafield>
  <datafield tag="902" ind1=" " ind2=" ">
   <subfield code="a">978-80-7263-395-1</subfield>
   <subfield code="q">(2007 ;</subfield>
   <subfield code="q">1. vyd. ;</subfield>
   <subfield code="q">kroužková vazba)</subfield>
  </datafield>
  <datafield tag="902" ind1=" " ind2=" ">
   <subfield code="a">978-80-7263-512-2</subfield>
   <subfield code="q">(2009 ;</subfield>
   <subfield code="q">3. vyd. ;</subfield>
   <subfield code="q">kroužková vazba)</subfield>
  </datafield>
  <datafield tag="902" ind1=" " ind2=" ">
   <subfield code="a">978-80-7263-869-7</subfield>
   <subfield code="q">(5. vyd. ;</subfield>
   <subfield code="q">(2014 ;</subfield>
   <subfield code="q">kroužková vazba)</subfield>
  </datafield>
  <datafield tag="902" ind1=" " ind2=" ">
   <subfield code="a">978-80-7263-934-2</subfield>
   <subfield code="q">(2015 ;</subfield>
   <subfield code="q">6. vyd. ;</subfield>
   <subfield code="q">kroužková vazba)</subfield>
  </datafield>
  <datafield tag="902" ind1=" " ind2=" ">
   <subfield code="a">978-80-7554-003-4</subfield>
   <subfield code="q">(2016 ;</subfield>
   <subfield code="q">7. vyd. ;</subfield>
   <subfield code="q">kroužková vazba)</subfield>
  </datafield>
  <datafield tag="902" ind1=" " ind2=" ">
   <subfield code="a">978-80-7554-120-8</subfield>
   <subfield code="q">(2018 ;</subfield>
   <subfield code="q">8. vyd. ;</subfield>
   <subfield code="q">kroužková vazba)</subfield>
  </datafield>
  <datafield tag="902" ind1=" " ind2=" ">
   <subfield code="a">978-80-7554-201-4</subfield>
   <subfield code="q">(2019 ;</subfield>
   <subfield code="q">9. vyd. ;</subfield>
   <subfield code="q">kroužková vazba)</subfield>
  </datafield>
  <datafield tag="902" ind1=" " ind2=" ">
   <subfield code="a">978-80-7554-260-1</subfield>
   <subfield code="q">(2020 ;</subfield>
   <subfield code="q">10. vyd. ;</subfield>
   <subfield code="q">kroužková vazba)</subfield>
  </datafield>
  <datafield tag="902" ind1=" " ind2=" ">
   <subfield code="a">978-80-7554-309-7</subfield>
   <subfield code="q">(2021 ;</subfield>
   <subfield code="q">11. vyd.</subfield>
   <subfield code="q">kroužková vazba)</subfield>
  </datafield>
  <datafield tag="902" ind1=" " ind2=" ">
   <subfield code="a">978-80-7554-357-8</subfield>
   <subfield code="q">(2022 ;</subfield>
   <subfield code="q">12. vyd.</subfield>
   <subfield code="q">kroužková vazba)</subfield>
  </datafield>
  <datafield tag="902" ind1=" " ind2=" ">
   <subfield code="a">978-80-7554-388-2</subfield>
   <subfield code="q">(2023 ;</subfield>
   <subfield code="q">13. vyd.</subfield>
   <subfield code="q">kroužková vazba)</subfield>
  </datafield>
  <datafield tag="902" ind1=" " ind2=" ">
   <subfield code="a">978-80-7554-408-7</subfield>
   <subfield code="q">(2024 ;</subfield>
   <subfield code="q">14. vyd.</subfield>
   <subfield code="q">kroužková vazba)</subfield>
  </datafield>
  <datafield tag="902" ind1=" " ind2=" ">
   <subfield code="a">978-80-7554-418-6</subfield>
   <subfield code="q">(2025 ;</subfield>
   <subfield code="q">15. vyd.</subfield>
   <subfield code="q">kroužková vazba)</subfield>
  </datafield>
  <datafield tag="902" ind1=" " ind2=" ">
   <subfield code="a">978-80-7554-435-3</subfield>
   <subfield code="q">(2026 ;</subfield>
   <subfield code="q">16. vyd.</subfield>
   <subfield code="q">kroužková vazba)</subfield>
  </datafield>
  <datafield tag="910" ind1=" " ind2=" ">
   <subfield code="a">ABA006</subfield>
   <subfield code="s">2007, 2009, 2014, 2015, 2016, 2018, 2019, 2020, 2021, 2022, 2023, 2024, 2025, 2026</subfield>
   <subfield code="t">n</subfield>
  </datafield>
  <datafield tag="996" ind1=" " ind2=" ">
   <subfield code="1">HPUVV</subfield>
   <subfield code="3">A 13219-V1</subfield>
   <subfield code="4">N:P</subfield>
   <subfield code="5">4202143045</subfield>
   <subfield code="7">8. vyd. (2018)</subfield>
   <subfield code="8">20181023</subfield>
   <subfield code="9">005.95/.96BRŮ</subfield>
   <subfield code="a">2018</subfield>
   <subfield code="b">2018</subfield>
   <subfield code="f">81</subfield>
   <subfield code="g">292</subfield>
   <subfield code="h">8. vyd. (2018)</subfield>
   <subfield code="l">UEP01</subfield>
   <subfield code="m">BOOK</subfield>
   <subfield code="q">Knihovna FM JH volný výběr</subfield>
   <subfield code="t">na 1 měsíc</subfield>
   <subfield code="u">UEP01</subfield>
  </datafield>
  <datafield tag="996" ind1=" " ind2=" ">
   <subfield code="1">HPUVV</subfield>
   <subfield code="3">A 13837-V1</subfield>
   <subfield code="4">N:P</subfield>
   <subfield code="5">4202144515</subfield>
   <subfield code="7">10. vyd. (2020)</subfield>
   <subfield code="8">20200526</subfield>
   <subfield code="9">005.95/.96BRŮ</subfield>
   <subfield code="a">2020</subfield>
   <subfield code="b">2020</subfield>
   <subfield code="f">81</subfield>
   <subfield code="g">999</subfield>
   <subfield code="h">10. vyd. (2020)</subfield>
   <subfield code="l">UEP01</subfield>
   <subfield code="m">BOOK</subfield>
   <subfield code="q">Knihovna FM JH volný výběr</subfield>
   <subfield code="t">na 1 měsíc</subfield>
   <subfield code="u">UEP01</subfield>
  </datafield>
  <datafield tag="996" ind1=" " ind2=" ">
   <subfield code="1">HSKL1</subfield>
   <subfield code="3">A 11615-V1</subfield>
   <subfield code="5">4202139485</subfield>
   <subfield code="7">6. vyd. (2015)</subfield>
   <subfield code="8">20150326</subfield>
   <subfield code="9">005.95/.96ABE</subfield>
   <subfield code="a">2015</subfield>
   <subfield code="b">2015</subfield>
   <subfield code="f">81</subfield>
   <subfield code="h">6. vyd. (2015)</subfield>
   <subfield code="l">UEP01</subfield>
   <subfield code="m">BOOK</subfield>
   <subfield code="q">Knihovna FM JH sklad I</subfield>
   <subfield code="t">na 1 měsíc</subfield>
   <subfield code="u">UEP01</subfield>
  </datafield>
  <datafield tag="996" ind1=" " ind2=" ">
   <subfield code="1">HSTU1</subfield>
   <subfield code="3">A 14486-V1</subfield>
   <subfield code="4">N:P</subfield>
   <subfield code="5">4202145678</subfield>
   <subfield code="7">12. vyd. (2022)</subfield>
   <subfield code="8">20220330</subfield>
   <subfield code="9">005.95/.96BRŠ</subfield>
   <subfield code="a">2022</subfield>
   <subfield code="b">2022</subfield>
   <subfield code="f">85</subfield>
   <subfield code="g">1726</subfield>
   <subfield code="h">12. vyd. (2022)</subfield>
   <subfield code="l">UEP01</subfield>
   <subfield code="m">BOOK</subfield>
   <subfield code="q">Knihovna FM JH studovna I</subfield>
   <subfield code="t">prezenční</subfield>
   <subfield code="u">UEP01</subfield>
  </datafield>
  <datafield tag="996" ind1=" " ind2=" ">
   <subfield code="1">PKP</subfield>
   <subfield code="3">F197680</subfield>
   <subfield code="4">N:P</subfield>
   <subfield code="5">3142215586</subfield>
   <subfield code="7">1. vyd. (2007)</subfield>
   <subfield code="8">20071108</subfield>
   <subfield code="9">005.9DAM</subfield>
   <subfield code="a">2007</subfield>
   <subfield code="b">2007</subfield>
   <subfield code="f">83</subfield>
   <subfield code="g">14678</subfield>
   <subfield code="h">1. vyd. (2007)</subfield>
   <subfield code="l">UEP01</subfield>
   <subfield code="m">BOOK</subfield>
   <subfield code="q">KP</subfield>
   <subfield code="s">DISLOK: Stříteský, Marek - ISIS8293</subfield>
   <subfield code="t">na dislokovaném</subfield>
   <subfield code="u">UEP01</subfield>
   <subfield code="w">20071128</subfield>
  </datafield>
  <datafield tag="996" ind1=" " ind2=" ">
   <subfield code="1">PKP</subfield>
   <subfield code="3">F217834e</subfield>
   <subfield code="4">N:P</subfield>
   <subfield code="5">3142278222</subfield>
   <subfield code="7">5. vyd. (2014)</subfield>
   <subfield code="8">20141016</subfield>
   <subfield code="9">005.9DAM</subfield>
   <subfield code="a">2014</subfield>
   <subfield code="b">2014</subfield>
   <subfield code="f">83</subfield>
   <subfield code="g">40510</subfield>
   <subfield code="h">5. vyd. (2014)</subfield>
   <subfield code="l">UEP01</subfield>
   <subfield code="m">BOOK</subfield>
   <subfield code="q">KP</subfield>
   <subfield code="s">DISLOK: Stříteský, Marek - ISIS8293</subfield>
   <subfield code="t">na dislokovaném</subfield>
   <subfield code="u">UEP01</subfield>
   <subfield code="w">20141107</subfield>
  </datafield>
  <datafield tag="996" ind1=" " ind2=" ">
   <subfield code="1">PSKLA</subfield>
   <subfield code="3">F197680a</subfield>
   <subfield code="4">N:náhrada</subfield>
   <subfield code="5">3142240247</subfield>
   <subfield code="7">1. vyd. (2007)</subfield>
   <subfield code="8">20110222</subfield>
   <subfield code="9">005.9DAM</subfield>
   <subfield code="a">2007</subfield>
   <subfield code="b">2007</subfield>
   <subfield code="f">81</subfield>
   <subfield code="h">1. vyd. (2007)</subfield>
   <subfield code="l">UEP01</subfield>
   <subfield code="m">BOOK</subfield>
   <subfield code="q">Knihovna Žižkov - sklad</subfield>
   <subfield code="t">na 1 měsíc</subfield>
   <subfield code="u">UEP01</subfield>
   <subfield code="w">20110222</subfield>
  </datafield>
  <datafield tag="996" ind1=" " ind2=" ">
   <subfield code="1">PSKLA</subfield>
   <subfield code="3">F201611a</subfield>
   <subfield code="4">N:P</subfield>
   <subfield code="5">3142228994</subfield>
   <subfield code="7">3. vyd. (2009)</subfield>
   <subfield code="8">20090403</subfield>
   <subfield code="9">005.9DAM</subfield>
   <subfield code="a">2009</subfield>
   <subfield code="b">2009</subfield>
   <subfield code="f">81</subfield>
   <subfield code="g">19790</subfield>
   <subfield code="h">3. vyd. (2009)</subfield>
   <subfield code="l">UEP01</subfield>
   <subfield code="m">BOOK</subfield>
   <subfield code="q">Knihovna Žižkov - sklad</subfield>
   <subfield code="t">na 1 měsíc</subfield>
   <subfield code="u">UEP01</subfield>
   <subfield code="w">20090420</subfield>
  </datafield>
  <datafield tag="996" ind1=" " ind2=" ">
   <subfield code="1">PSKLA</subfield>
   <subfield code="3">F217834a</subfield>
   <subfield code="4">N:P</subfield>
   <subfield code="5">3142274834</subfield>
   <subfield code="7">5. vyd. (2014)</subfield>
   <subfield code="8">20140418</subfield>
   <subfield code="9">005.9DAM</subfield>
   <subfield code="a">2014</subfield>
   <subfield code="b">2014</subfield>
   <subfield code="f">81</subfield>
   <subfield code="g">38984</subfield>
   <subfield code="h">5. vyd. (2014)</subfield>
   <subfield code="l">UEP01</subfield>
   <subfield code="m">BOOK</subfield>
   <subfield code="q">Knihovna Žižkov - sklad</subfield>
   <subfield code="t">na 1 měsíc</subfield>
   <subfield code="u">UEP01</subfield>
   <subfield code="w">20140513</subfield>
  </datafield>
  <datafield tag="996" ind1=" " ind2=" ">
   <subfield code="1">PSKLA</subfield>
   <subfield code="3">F217834c</subfield>
   <subfield code="4">N:P</subfield>
   <subfield code="5">3142277318</subfield>
   <subfield code="7">5. vyd. (2014)</subfield>
   <subfield code="8">20140910</subfield>
   <subfield code="9">005.9DAM</subfield>
   <subfield code="a">2014</subfield>
   <subfield code="b">2014</subfield>
   <subfield code="f">81</subfield>
   <subfield code="g">40137</subfield>
   <subfield code="h">5. vyd. (2014)</subfield>
   <subfield code="l">UEP01</subfield>
   <subfield code="m">BOOK</subfield>
   <subfield code="q">Knihovna Žižkov - sklad</subfield>
   <subfield code="t">na 1 měsíc</subfield>
   <subfield code="u">UEP01</subfield>
   <subfield code="w">20140917</subfield>
  </datafield>
  <datafield tag="996" ind1=" " ind2=" ">
   <subfield code="1">PSKLA</subfield>
   <subfield code="3">F217834d</subfield>
   <subfield code="4">N:P</subfield>
   <subfield code="5">3142277319</subfield>
   <subfield code="7">5. vyd. (2014)</subfield>
   <subfield code="8">20140910</subfield>
   <subfield code="9">005.9DAM</subfield>
   <subfield code="a">2014</subfield>
   <subfield code="b">2014</subfield>
   <subfield code="f">81</subfield>
   <subfield code="g">40137</subfield>
   <subfield code="h">5. vyd. (2014)</subfield>
   <subfield code="l">UEP01</subfield>
   <subfield code="m">BOOK</subfield>
   <subfield code="q">Knihovna Žižkov - sklad</subfield>
   <subfield code="t">na 1 měsíc</subfield>
   <subfield code="u">UEP01</subfield>
   <subfield code="w">20140917</subfield>
  </datafield>
  <datafield tag="996" ind1=" " ind2=" ">
   <subfield code="1">PSTUD</subfield>
   <subfield code="3">F217834</subfield>
   <subfield code="4">N:P</subfield>
   <subfield code="5">3142274833</subfield>
   <subfield code="7">5. vyd. (2014)</subfield>
   <subfield code="8">20140418</subfield>
   <subfield code="9">005.9DAM</subfield>
   <subfield code="a">2014</subfield>
   <subfield code="b">2014</subfield>
   <subfield code="f">81</subfield>
   <subfield code="g">38984</subfield>
   <subfield code="h">5. vyd. (2014)</subfield>
   <subfield code="l">UEP01</subfield>
   <subfield code="m">BOOK</subfield>
   <subfield code="q">Studovna Žižkov</subfield>
   <subfield code="t">na 1 měsíc</subfield>
   <subfield code="u">UEP01</subfield>
   <subfield code="w">20140519</subfield>
  </datafield>
  <datafield tag="996" ind1=" " ind2=" ">
   <subfield code="1">PSTUD</subfield>
   <subfield code="3">F220443</subfield>
   <subfield code="4">N:P</subfield>
   <subfield code="5">3142280859</subfield>
   <subfield code="7">6. vyd. (2015)</subfield>
   <subfield code="8">20150313</subfield>
   <subfield code="9">005.9DAM</subfield>
   <subfield code="a">2015</subfield>
   <subfield code="b">2015</subfield>
   <subfield code="f">81</subfield>
   <subfield code="g">41633</subfield>
   <subfield code="h">6. vyd. (2015)</subfield>
   <subfield code="l">UEP01</subfield>
   <subfield code="m">BOOK</subfield>
   <subfield code="q">Studovna Žižkov</subfield>
   <subfield code="t">na 1 měsíc</subfield>
   <subfield code="u">UEP01</subfield>
   <subfield code="w">20150325</subfield>
  </datafield>
  <datafield tag="996" ind1=" " ind2=" ">
   <subfield code="1">PSTUD</subfield>
   <subfield code="3">F223575</subfield>
   <subfield code="4">N:P</subfield>
   <subfield code="5">3142289465</subfield>
   <subfield code="7">7. vyd. (2016)</subfield>
   <subfield code="8">20160310</subfield>
   <subfield code="9">005.9BRŮ</subfield>
   <subfield code="a">2016</subfield>
   <subfield code="b">2016</subfield>
   <subfield code="f">81</subfield>
   <subfield code="g">44342</subfield>
   <subfield code="h">7. vyd. (2016)</subfield>
   <subfield code="l">UEP01</subfield>
   <subfield code="m">BOOK</subfield>
   <subfield code="q">Studovna Žižkov</subfield>
   <subfield code="t">na 1 měsíc</subfield>
   <subfield code="u">UEP01</subfield>
   <subfield code="w">20160413</subfield>
  </datafield>
  <datafield tag="996" ind1=" " ind2=" ">
   <subfield code="1">PSTUD</subfield>
   <subfield code="3">F227577</subfield>
   <subfield code="4">N:P</subfield>
   <subfield code="5">3142313231</subfield>
   <subfield code="7">8. vyd. (2018)</subfield>
   <subfield code="8">20180426</subfield>
   <subfield code="9">005.9BRŮ</subfield>
   <subfield code="a">2018</subfield>
   <subfield code="b">2018</subfield>
   <subfield code="f">81</subfield>
   <subfield code="g">48790</subfield>
   <subfield code="h">8. vyd. (2018)</subfield>
   <subfield code="l">UEP01</subfield>
   <subfield code="m">BOOK</subfield>
   <subfield code="q">Studovna Žižkov</subfield>
   <subfield code="t">na 1 měsíc</subfield>
   <subfield code="u">UEP01</subfield>
   <subfield code="w">20180510</subfield>
  </datafield>
  <datafield tag="996" ind1=" " ind2=" ">
   <subfield code="1">PSTUD</subfield>
   <subfield code="3">F229146</subfield>
   <subfield code="4">N:P</subfield>
   <subfield code="5">3142325457</subfield>
   <subfield code="7">9. vyd. (2019)</subfield>
   <subfield code="8">20190328</subfield>
   <subfield code="9">005.9BRŮ</subfield>
   <subfield code="a">2019</subfield>
   <subfield code="b">2019</subfield>
   <subfield code="f">81</subfield>
   <subfield code="g">50713</subfield>
   <subfield code="h">9. vyd. (2019)</subfield>
   <subfield code="l">UEP01</subfield>
   <subfield code="m">BOOK</subfield>
   <subfield code="q">Studovna Žižkov</subfield>
   <subfield code="t">na 1 měsíc</subfield>
   <subfield code="u">UEP01</subfield>
   <subfield code="w">20190417</subfield>
  </datafield>
  <datafield tag="996" ind1=" " ind2=" ">
   <subfield code="1">PSTUD</subfield>
   <subfield code="3">F230851</subfield>
   <subfield code="4">N:P</subfield>
   <subfield code="5">3142337762</subfield>
   <subfield code="7">10. vyd. (2020)</subfield>
   <subfield code="8">20200228</subfield>
   <subfield code="9">005.9BRŮ</subfield>
   <subfield code="a">2020</subfield>
   <subfield code="b">2020</subfield>
   <subfield code="f">81</subfield>
   <subfield code="g">52842</subfield>
   <subfield code="h">10. vyd. (2020)</subfield>
   <subfield code="l">UEP01</subfield>
   <subfield code="m">BOOK</subfield>
   <subfield code="q">Studovna Žižkov</subfield>
   <subfield code="t">na 1 měsíc</subfield>
   <subfield code="u">UEP01</subfield>
   <subfield code="w">20200330</subfield>
  </datafield>
  <datafield tag="996" ind1=" " ind2=" ">
   <subfield code="1">PSTUD</subfield>
   <subfield code="3">F232769</subfield>
   <subfield code="4">N:P</subfield>
   <subfield code="5">3142349133</subfield>
   <subfield code="7">11. vyd. (2021)</subfield>
   <subfield code="8">20210317</subfield>
   <subfield code="9">005.9BRŮ</subfield>
   <subfield code="a">2021</subfield>
   <subfield code="b">2021</subfield>
   <subfield code="f">81</subfield>
   <subfield code="g">55369</subfield>
   <subfield code="h">11. vyd. (2021)</subfield>
   <subfield code="l">UEP01</subfield>
   <subfield code="m">BOOK</subfield>
   <subfield code="q">Studovna Žižkov</subfield>
   <subfield code="t">na 1 měsíc</subfield>
   <subfield code="u">UEP01</subfield>
   <subfield code="w">20210407</subfield>
  </datafield>
  <datafield tag="996" ind1=" " ind2=" ">
   <subfield code="1">PSTUD</subfield>
   <subfield code="3">F234851</subfield>
   <subfield code="4">N:P</subfield>
   <subfield code="5">3142359673</subfield>
   <subfield code="7">12. vyd. (2022)</subfield>
   <subfield code="8">20220406</subfield>
   <subfield code="9">005.9BRŠ</subfield>
   <subfield code="a">2022</subfield>
   <subfield code="b">2022</subfield>
   <subfield code="f">81</subfield>
   <subfield code="g">57417</subfield>
   <subfield code="h">12. vyd. (2022)</subfield>
   <subfield code="l">UEP01</subfield>
   <subfield code="m">BOOK</subfield>
   <subfield code="q">Studovna Žižkov</subfield>
   <subfield code="t">na 1 měsíc</subfield>
   <subfield code="u">UEP01</subfield>
   <subfield code="w">20220503</subfield>
  </datafield>
  <datafield tag="996" ind1=" " ind2=" ">
   <subfield code="1">PSTUD</subfield>
   <subfield code="3">F236829</subfield>
   <subfield code="4">N:P</subfield>
   <subfield code="5">3142366198</subfield>
   <subfield code="7">13. aktualiz. vydání (2023)</subfield>
   <subfield code="8">20230217</subfield>
   <subfield code="9">005.9ABE</subfield>
   <subfield code="a">2023</subfield>
   <subfield code="b">2023</subfield>
   <subfield code="f">81</subfield>
   <subfield code="g">58988</subfield>
   <subfield code="h">13. aktualiz. vydání (2023)</subfield>
   <subfield code="l">UEP01</subfield>
   <subfield code="m">BOOK</subfield>
   <subfield code="q">Studovna Žižkov</subfield>
   <subfield code="t">na 1 měsíc</subfield>
   <subfield code="u">UEP01</subfield>
   <subfield code="w">20230927</subfield>
  </datafield>
  <datafield tag="996" ind1=" " ind2=" ">
   <subfield code="1">PSTUD</subfield>
   <subfield code="3">F237440</subfield>
   <subfield code="4">N:P</subfield>
   <subfield code="5">3142369396</subfield>
   <subfield code="7">14. vyd. (2024)</subfield>
   <subfield code="8">20240411</subfield>
   <subfield code="9">005.9BRŮ</subfield>
   <subfield code="a">2024</subfield>
   <subfield code="b">2024</subfield>
   <subfield code="f">81</subfield>
   <subfield code="g">60505</subfield>
   <subfield code="h">14. vyd. (2024)</subfield>
   <subfield code="l">UEP01</subfield>
   <subfield code="m">BOOK</subfield>
   <subfield code="q">Studovna Žižkov</subfield>
   <subfield code="t">na 1 měsíc</subfield>
   <subfield code="u">UEP01</subfield>
   <subfield code="w">20240419</subfield>
  </datafield>
  <datafield tag="996" ind1=" " ind2=" ">
   <subfield code="1">PSTUD</subfield>
   <subfield code="3">F238542</subfield>
   <subfield code="4">N:P</subfield>
   <subfield code="5">3142373963</subfield>
   <subfield code="7">15. vyd. (2025)</subfield>
   <subfield code="8">20250415</subfield>
   <subfield code="9">005.9BRŮ</subfield>
   <subfield code="a">2025</subfield>
   <subfield code="b">2025</subfield>
   <subfield code="f">81</subfield>
   <subfield code="g">61863</subfield>
   <subfield code="h">15. vyd. (2025)</subfield>
   <subfield code="l">UEP01</subfield>
   <subfield code="m">BOOK</subfield>
   <subfield code="q">Studovna Žižkov</subfield>
   <subfield code="t">na 1 měsíc</subfield>
   <subfield code="u">UEP01</subfield>
   <subfield code="w">20250506</subfield>
  </datafield>
 </record>
</collection>
